| 000 | 00665nam a2200217 u 4500 | ||
|---|---|---|---|
| 001 | 001193369 | ||
| 003 | AM-YEHGA | ||
| 005 | 20250618080019.0 | ||
| 008 | 161129s1962 ||||||||||||||||||||rus|c | ||
| 040 | _aAM-YeHGA | ||
| 041 | 1 | _arus | |
| 100 | 1 | _aРжига, Б. | |
| 245 | 1 | 0 |
_aМужик : _bРоман / _cБ. Ржига; Пер. Н. Николаевой. |
| 260 |
_aМосквa : _bИностранной литературы, _c1962. |
||
| 300 | _aчасть | ||
| 505 | 1 | 0 |
_gЧ. 1 (1962, 445 с.) _gЧ. 2 (1962, 336 с.) |
| 650 | 1 | 4 |
_aЛитература _94918 |
| 700 | 1 |
_aНиколаев, Н _eпер. _4trl |
|
| 942 |
_2udc _cBK |
||
| 090 | _c522633 | ||
| 999 |
_c519071 _d519071 |
||